Perfect Chemistry Vol-II Std-XII Science (Record no. 309719)

MARC details
000 -LEADER
fixed length control field 00306pam a2200121a 44500
008 - FIXED-LENGTH DATA ELEMENTS--GENERAL INFORMATION
fixed length control field 230405s2021 xxu||||| |||| 00| 0 eng d
041 ## - LANGUAGE CODE
Language code of text/sound track or separate title ENG
100 ## - MAIN ENTRY--PERSONAL NAME
Personal name Target Pub.
245 ## - TITLE STATEMENT
Title Perfect Chemistry Vol-II Std-XII Science
260 ## - PUBLICATION, DISTRIBUTION, ETC.
Place of publication, distribution, etc. Mumbai
Name of publisher, distributor, etc. Target Publication
Date of publication, distribution, etc. 2021
300 ## - PHYSICAL DESCRIPTION
Extent 298
906 ## - LOCAL DATA ELEMENT F, LDF (RLIN)
a 19221
Holdings
Withdrawn status Lost status Damaged status Not for loan Collection Home library Current library Date acquired Source of acquisition Cost, normal purchase price Total Checkouts Barcode Date last seen Price effective from Koha item type
          Matoshri Bayabai Shripatrao Kadam Kanya Mahavidyalaya, Kadegaon, Sangli Matoshri Bayabai Shripatrao Kadam Kanya Mahavidyalaya, Kadegaon, Sangli 28/08/2021 Barati Bazar Pune 280.00   KVK-JR.05178 18/04/2023 18/04/2023 Book